[Event "Hastings International"]
[Site "?"]
[Date "2018.01.06"]
[Round "12.11"]
[White "Hamilton, Michael J"]
[Black "Balaji, Aaravamudhan"]
[Result "1-0"]
[BlackElo "1865"]
[WhiteElo "1643"]
[LiveChessVersion "1.4.8"]

1. g3 {[%clk 1:49:18]} Nf6 {[%clk 1:48:27]} 2. Bg2 {[%clk 1:49:15]} g6
{[%clk 1:48:26]} 3. Nf3 {[%clk 1:48:56]} Bg7 {[%clk 1:48:29]} 4. O-O
{[%clk 1:48:55]} O-O {[%clk 1:48:32]} 5. Re1 {[%clk 1:48:28]} d6 {[%clk 1:48:06]}
6. d4 {[%clk 1:48:00]} c6 {[%clk 1:47:18]} 7. e4 {[%clk 1:46:45]} Qc7
{[%clk 1:45:54]} 8. e5 {[%clk 1:45:34]} Nd5 {[%clk 1:45:10]} 9. c4
{[%clk 1:44:24]} Nb6 {[%clk 1:43:47]} 10. b3 {[%clk 1:44:03]} dxe5
{[%clk 1:39:13]} 11. Nxe5 {[%clk 1:43:24]} N8d7 {[%clk 1:37:36]} 12. Bf4
{[%clk 1:42:14]} Nxe5 {[%clk 1:37:00]} 13. Bxe5 {[%clk 1:42:06]} Bxe5
{[%clk 1:36:05]} 14. dxe5 {[%clk 1:39:07]} Bf5 {[%clk 1:31:20]} 15. Nc3
{[%clk 1:36:21]} Rad8 {[%clk 1:28:50]} 16. Qe2 {[%clk 1:35:03]} Rd4
{[%clk 1:25:46]} 17. Rad1 {[%clk 1:32:56]} Rfd8 {[%clk 1:24:35]} 18. Nd5
{[%clk 1:32:02]} Rxd1 {[%clk 1:19:49]} 19. Nxc7 {[%clk 1:30:44]} R1d7
{[%clk 1:18:33]} 20. e6 {[%clk 1:29:13]} Rxc7 {[%clk 1:18:15]} 21. Qe5
{[%clk 1:21:30]} Rd6 {[%clk 1:16:42]} 22. exf7+ {[%clk 1:20:15]} Kxf7
{[%clk 1:16:43]} 23. Qf4 {[%clk 1:20:06]} Rd8 1-0